Kereskedelmi szemle <a> belkereskedelmi Kutató Intézet folyóirata

Gespeichert in:
Bibliographische Detailangaben
Format: Schriftenreihe
Sprache:Ungarisch
Veröffentlicht: Budapest Lapkiadó vállalat 1980
Schlagworte:
Tags: Tag hinzufügen
Keine Tags, Fügen Sie das erste Tag hinzu!

MARC

LEADER 00000nas2a22000001 4500
001 s123640
005 20250730114222.4
041 0 |a hun 
044 |a HU 
245 1 0 |a Kereskedelmi szemle  |b <a> belkereskedelmi Kutató Intézet folyóirata 
264 1 |a Budapest  |b Lapkiadó vállalat  |c 1980 
300 |a 1 zv. 
773 0 |w eu_un_cat*s120875 
610 2 0 |a obchod vnútorný